Reliez les personnages d'Harry Potter à leur film d'apparition - Statistiques

Statistiques générales
  • Ce quiz a été pris 495 fois
  • Le résultat moyen est 32 sur 53
Statistiques - réponses
Hint Réponse % Correct
Garrick Ollivander
Harry Potter 1

97%
Remus Lupin
Harry Potter 3

89%
Fleur Delacour
Harry Potter 4

85%
Buck
Harry Potter 3

84%
Barty Croupton Jr.
Harry Potter 4

84%
Dobby
Harry Potter 2

83%
Igor Karkaroff
Harry Potter 4

83%
Argus Rusard
Harry Potter 1

82%
Dolores Ombrage
Harry Potter 5

81%
La Grosse Dame
Harry Potter 1

80%
Gilderoy Lockhart
Harry Potter 2

79%
Sirius Black
Harry Potter 3

79%
Alastor Maugrey
Harry Potter 4

79%
Pétunia Dursley
Harry Potter 1

77%
Minerva McGonagall
Harry Potter 1

77%
Renée Bibine
Harry Potter 1

75%
Nick-Quasi-Sans-Tête
Harry Potter 1

75%
Rita Skeeter
Harry Potter 4

75%
Dean Thomas
Harry Potter 1

74%
Percy Weasley
Harry Potter 1

73%
Vincent Crabbe
Harry Potter 1

73%
Voldemort
Harry Potter 1

72%
Horace Slughorn
Harry Potter 6

71%
Albus Potter
Harry Potter 8

70%
Aragog
Harry Potter 2

68%
Madame Maxime
Harry Potter 4

68%
Colin Crivey
Harry Potter 2

66%
Mimi Geignarde
Harry Potter 2

66%
Xenophilius Lovegood
Harry Potter 7

64%
Hugo Granger-Weasley
Harry Potter 8

64%
Sibylle Trelawney
Harry Potter 3

61%
Nymphadora Tonks
Harry Potter 5

59%
Luna Lovegood
Harry Potter 5

58%
Nagini
Harry Potter 4

54%
Marjorie Dursley
Harry Potter 3

53%
Stan Rocade
Harry Potter 3

52%
Bellatrix Lestrange
Harry Potter 5

50%
Kingsley Shacklebolt
Harry Potter 5

50%
Gripsec
Harry Potter 1

49%
Cho Chang
Harry Potter 4

49%
Pattenrond
Harry Potter 3

46%
Cormac McLaggen
Harry Potter 6

43%
Graup
Harry Potter 5

40%
Elphias Doge
Harry Potter 7

39%
Fenrir Greyback
Harry Potter 6

35%
Charity Burbage
Harry Potter 7

35%
Arabella Figg
Harry Potter 5

33%
Pius Thicknesse
Harry Potter 7

33%
Narcissa Malefoy
Harry Potter 6

32%
Cornelius Fudge
Harry Potter 2

27%
Pomona Chourave
Harry Potter 2

25%
Pompom Pomfresh
Harry Potter 2

16%
Cédric Diggory
Harry Potter 3

10%
Aucun quiz correspondant
Distribution des résultats
% des personnes avec chaque résultat
Percentile par nombre de réponses
Votre historique - résultats
Vous n’avez pas pris ce quiz